Movies Quiz

Random Movies or Animation Quiz

Movie by CGI Character Quiz Stats

 Plays Quiz not verified by Sporcle

Challenge
Share
Tweet
Embed
Score 0/21 Timer 03:00
0 Plays Today
CGI character Movie % Correct
Friendly GhostCasper
95.1%
Scrappy-DooScooby-Doo
92.3%
Smeagol/GollumThe Lord of the Rings Trilogy
91.4%
'Little' talking mouseStuart Little 1 & 2
85%
The Cheshire CatAlice in Wonderland
84.7%
Jar Jar BinksStar Wars: Episodes I - III
84.4%
Giant apeKing Kong
83.9%
Singing chipmunkAlvin and the Chipmunks & The Squeakquel
83.7%
Talking fat catGarfield & A Tail of Two Kitties
77.9%
Davy JonesPirates of the Caribbean: Dead Man's Chest & At World's End
73.4%
AslanThe Chronicles of Narnia: The Lion, the Witch and the Wardrobe & Prince Caspian
72.4%
CGI character Movie % Correct
Giant lizardGodzilla
67.6%
DobbyHarry Potter and the Chamber of Secrets
66.9%
NeytiriAvatar
58.1%
Dr. ManhattanWatchmen
55.3%
BumblebeeTransformers & Revenge of the Fallen
52.7%
SaphiraEragon
17.8%
Iorek ByrnisonThe Golden Compass
14.9%
Christopher JohnsonDistrict 9
10%
SonnyI, Robot
9%
SpecklesG-Force
5.9%

You're not logged in!

Compare scores with friends on all Sporcle quizzes.
Join for Free
OR
Log In

You Might Also Like...

Show Comments

Extras

Top Quizzes Today


Score Distribution

Your Account Isn't Verified!

In order to create a playlist on Sporcle, you need to verify the email address you used during registration. Go to your Sporcle Settings to finish the process.

Report this User

Report this user for behavior that violates our Community Guidelines.

Details: